Statistics for Fotballag i de nordiske toppdivisjonene

Click here to take the quiz!

General Stats

  • This quiz has been taken 17 times
    (9 since last reset)
  • The average score is 29 of 78

Answer Stats

LandLag% Correct
NorgeBodø/Glimt
88%
SverigeGöteborg
88%
DanmarkKøbenhavn
88%
IslandKR
88%
SverigeMalmö
88%
NorgeMolde
88%
NorgeRosenborg
88%
NorgeSarpsborg 08
88%
NorgeStart
88%
NorgeVålerenga
88%
DanmarkAalborg
75%
DanmarkAarhus
75%
NorgeHaugesund
75%
NorgeKristiansund
75%
DanmarkOdense
75%
NorgeSandefjord
75%
NorgeStabæk
75%
NorgeViking
75%
NorgeAalesund
63%
DanmarkBrøndby
63%
FærøyeneÍF
63%
IslandKA
63%
NorgeOdd
63%
NorgeStrømsgodset
63%
NorgeBrann
50%
SverigeDjurgården
50%
SverigeElfsborg
50%
SverigeHelsingborg
50%
Færøyene
50%
DanmarkMidtjylland
50%
NorgeMjøndalen
50%
SverigeAIK
38%
FærøyeneB36
38%
SverigeHammarby
38%
FinlandHJK
38%
SverigeKalmar
38%
FinlandLahti
38%
FinlandMariehamn
38%
SverigeNorrköping
38%
SverigeHäcken
25%
FinlandHaka
25%
FinlandHIFK
25%
FinlandHonka
25%
DanmarkNordsjælland
25%
DanmarkRanders
25%
SverigeSirius
25%
SverigeVarberg
25%
DanmarkVejle
25%
SverigeFalkenberg
13%
FærøyeneHB
13%
IslandÍA
13%
FinlandIlves
13%
FinlandInter
13%
FinlandKuPS
13%
DanmarkLyngby
13%
SverigeMjällby
13%
SverigeÖrebro
13%
SverigeÖstersund
13%
FinlandSJK
13%
DanmarkSønderjyskE
13%
IslandStjarnan
13%
FinlandTPS
13%
IslandValur
13%
FærøyeneAB
0%
IslandBreiðablik
0%
FærøyeneEB/Streymur
0%
IslandFH
0%
IslandFjölnir
0%
IslandFylkir
0%
IslandGrótta
0%
IslandHK
0%
DanmarkHorsens
0%
FærøyeneNSÍ
0%
FinlandRoPS
0%
FærøyeneSkála
0%
FærøyeneTB
0%
IslandVíkingur
0%
FærøyeneVíkingur Gøta
0%

Score Distribution

Percentile by Number Answered

Percent of People with Each Score

Your Score History

You have not taken this quiz since the last reset